| 000 | 00434nam a2200169Ia 4500 | ||
|---|---|---|---|
| 008 | 230524s9999 xx 000 0 und d | ||
| 082 |
_a621.382 _bBAL |
||
| 100 | _aRonald H.Ballou | ||
| 245 | 0 | _aBusiness Logistics/ Supply Chain Management | |
| 250 | _a5TH | ||
| 260 |
_aNEW DELHI _bPearson _c2009 |
||
| 300 | _aXVIII;787 | ||
| 500 | _aQuantity Number: 5 | ||
| 650 | _aManagement | ||
| 700 | _a samir K.Srivastava | ||
| 942 | _cBK | ||
| 999 |
_c45456 _d45456 |
||